Native arts of North America

Bibliographic Details
Main Author: Feest, Christian F. (Author)
Format: Book
Language:English
PhysicalDescription:216 s. fotogr. (čiast. fareb.), mp. 21 cm
Published: New York Oxford University Press 1980
ISBN:0195202163
Edition:[1st ed.]
Subjects:

MARC

LEADER 00000nam a2200000 a 4500
001 vtls001469292
003 SK-MaSNL
005 20260301014740.0
008 240315s1980 US ab 0 eng
020 |a 0195202163 
035 |a SNK000424597 
040 |a SNK  |b slo  |c SNK  |e AACR2 
043 |a n-us--- 
044 |a US  |a CA 
072 7 |a 7.01/.09  |2 konspekt 
080 |a (=81/=82)  |2 1981 
080 |a 398.41/.42  |2 1981 
080 |a (7)  |2 1981 
080 |a 7.031.4(=81/=87)  |2 1981 
080 |a (048.8)  |2 1981 
100 1 |a Feest, Christian F.  |4 aut  |9 303529 
245 1 |a Native arts of North America  |c Christian F. Feest 
250 |a [1st ed.] 
260 |a New York  |b Oxford University Press  |c 1980 
300 |a 216 s.  |b fotogr. (čiast. fareb.), mp.  |c 21 cm 
650 0 7 |a Indiáni Severnej Ameriky  |x etnografia  |2 SNK  |9 303530 
650 0 7 |a kultúra a spoločnosť  |z Severná Amerika  |2 SNK  |9 303531 
650 0 7 |a indiánske umenie  |z Severná Amerika  |2 SNK  |9 68948 
650 0 7 |a umenie  |2 konspekt  |9 1060 
655 7 |a príručky  |2 SNK  |9 74364 
655 7 |a štúdie  |2 SNK  |9 57033 
919 |a 0-19-520216-3 
958 |a OND 
999 |c 559132  |d 561062 
952 |a SNK  |b SNK  |y VYP  |7 0  |p 17A0426006  |o snkIC 131335  |i snkV 666/2004  |g 11.62  |0 0  |1 0  |4 0  |d 2004-02-23  |l 0  |r 2005-01-02 00:00:00  |w 2026-02-23